Les meilleurs buteurs de l'histoire du Borussia Dortmund - Statistiques

Statistiques générales
  • Ce quiz a été pris 57 fois
  • Le résultat moyen est 2 sur 10
Statistiques - réponses
Buts Nationalité Joueur % Correct
167 Allemagne Marco Reus
96%
141 France / Gabon Pierre-Emerick Aubameyang
92%
177 Allemagne Adi Preißler
11%
159 Allemagne Michael Zorc
8%
158 Allemagne Manfred Burgsmüller
4%
148 Allemagne Lothar Emmerich
2%
124 Allemagne Alfred Kelbassa
0%
125 Allemagne Alfred Niepieklo
0%
143 Allemagne Jürgen Schütz
0%
155 Allemagne Timo Konietzka
0%
Aucun quiz correspondant
Distribution des résultats
% des personnes avec chaque résultat
Percentile par nombre de réponses
Votre historique - résultats
Vous n’avez pas pris ce quiz